Trei Asar | תרי עשר - Statistics

General Stats
  • This quiz has been taken 12 times
  • The average score is 9 of 12
Answer Stats
שם הנביא % Correct
עמוס
90%
עובדיה
90%
יונה
90%
מיכה
80%
צפניה
80%
חגי
80%
זכריה
80%
מלאכי
80%
הושע
70%
יואל
70%
חבקוק
70%
נחום
60%
No matching quizzes found
Score Distribution
Percent of People with Each Score
Percentile by Number Answered
Your Score History
You have not taken this quiz